| 000 | 00597nam a22001337a 4500 | ||
|---|---|---|---|
| 040 | _cRUA | ||
| 082 | _aAGR KON 2015 B521 Or.1 | ||
| 100 | _aKONG PHEAROM; គង់ ភារម្យ | ||
| 245 | _aComparison of tomatoes varieties under condition of Kbal KOh vegetable reserch; ការប្រៀធៀបពូជប៉េងបោះក្នុងលក្ខខណ្ឌស្ថានីយ៍ពោសោធន៍ដំណាំបន្លែក្បាលកោះ | ||
| 260 |
_aPhnom Penh _bRUA _c2015 |
||
| 300 |
_axi; 49p; _bill; _c29cm; |
||
| 856 | _u KONG PHEAROM | ||
| 942 | _cAGR | ||
| 999 |
_c10732 _d10732 |
||